Statistics for Baby Girl Names starting with R

Click here to take the quiz!

General Stats

  • This quiz has been taken 335 times
  • The average score is 16 of 48

Answer Stats

Answer% Correct
Rachel
89%
Rose
85%
Rebecca
77%
Riley
76%
Rosa
74%
Rosie
69%
Ruth
66%
Ruby
64%
Rhea
56%
Rosalie
52%
Rosemary
48%
Rosalee
46%
Raven
44%
Reese
43%
River
43%
Ryan
42%
Ramona
41%
Reagan
41%
Regina
39%
Robin
39%
Rowan
39%
Raquel
36%
Remi
35%
Rory
33%
Raina
23%
Rylie
23%
Raelyn
22%
Rylee
22%
Remy
19%
Rayna
17%
Reyna
17%
Rosalyn
17%
Remington
16%
Renata
16%
Royal
14%
Rylan
13%
Ryleigh
13%
Reign
12%
Reina
12%
Raegan
11%
Ryann
11%
Rebekah
8%
Royalty
8%
Rayne
7%
Rivka
7%
Romina
7%
Roselyn
7%
Raelynn
4%

Score Distribution

Percentile by Number Answered

Percent of People with Each Score

Your Score History

You have not taken this quiz